<?xml version="1.0" encoding="UTF-8"?>
<collection xmlns="http://www.loc.gov/MARC21/slim">
 <record>
  <leader>02040nam a2200205Ia 4500</leader>
  <controlfield tag="001">TDMU_37462</controlfield>
  <controlfield tag="008">210410s9999    xx            000 0 und d</controlfield>
  <datafield tag="082" ind1=" " ind2=" ">
   <subfield code="a">959.7042</subfield>
  </datafield>
  <datafield tag="090" ind1=" " ind2=" ">
   <subfield code="b">L566</subfield>
  </datafield>
  <datafield tag="100" ind1=" " ind2=" ">
   <subfield code="a">Lưu, Thế Anh</subfield>
  </datafield>
  <datafield tag="245" ind1=" " ind2="0">
   <subfield code="a">Số một thế giới Mã Vân và đế chế Alibaba</subfield>
  </datafield>
  <datafield tag="260" ind1=" " ind2=" ">
   <subfield code="a">H.</subfield>
  </datafield>
  <datafield tag="260" ind1=" " ind2=" ">
   <subfield code="b">Hồng Đức</subfield>
  </datafield>
  <datafield tag="260" ind1=" " ind2=" ">
   <subfield code="c">2017</subfield>
  </datafield>
  <datafield tag="300" ind1=" " ind2=" ">
   <subfield code="a">255tr.</subfield>
  </datafield>
  <datafield tag="520" ind1=" " ind2=" ">
   <subfield code="a">Trong lịch sử phát triển Internet của Trung Quốc cũng như thế giới, Mã Vân và Tập đoàn Alibaba nổi lên như một hiện tượng. Để có được thành tựu như ngày hôm nay,  Alibaba đã trải qua vô vàn khó khăn thử thách - dù chỉ mới thành lập hơn 15 năm. Chặng đường gian nan này cũng cho thấy sự nỗ lực không ngừng và ước mơ táo bạo của Mã Vân - người sáng lập tập đoàn. Sách Số 1 thế giới Mã Vân và đế chế Alibaba với việc lên sàn thành công tại Mỹ càng chứng tỏ vị thế hàng đầu thế giới của trang web thương mại điện tử Alibaba. Alibaba đã chinh phục thế giới bằng cách nào? Số 1 thế giới - Mã Vân và đế chế Alibaba thuật lại các quyết định quan trọng ảnh hưởng đến sự tồn vong của Alibaba cũng như những chiến lược lớn để trở thành â€œsố 1 thế giớiâ€, vén tấm màn bí mật về nguyên nhân thành công của Alibaba trong việc làm thay đổi cục diện thương mại điện tử thế giới.</subfield>
  </datafield>
  <datafield tag="650" ind1=" " ind2=" ">
   <subfield code="a">Kinh doanh</subfield>
   <subfield code="x">Bí quyết thành công; Doanh nhân</subfield>
   <subfield code="x">Mã Vân</subfield>
  </datafield>
  <datafield tag="700" ind1=" " ind2=" ">
   <subfield code="a">Bành Chinh</subfield>
  </datafield>
  <datafield tag="856" ind1=" " ind2=" ">
   <subfield code="u">http://lrc.tdmu.edu.vn/opac/search/detail.asp?aID=2&amp;ID=37462</subfield>
  </datafield>
  <datafield tag="980" ind1=" " ind2=" ">
   <subfield code="a">Trung tâm Học liệu Trường Đại học Thủ Dầu Một</subfield>
  </datafield>
 </record>
</collection>
